| 000 | 01090nam a2200265 i 4500 | ||
|---|---|---|---|
| 003 | IT-RoINE | ||
| 005 | 20141023144739.0 | ||
| 008 | 991022s1999 sp r 1 spa d | ||
| 020 | _a8488551533 | ||
| 040 |
_aSpMaBN _cIT-RoINE _dIT-RoINE |
||
| 100 | 1 |
_aGonzález Blanco, Antonino, _d1936- _913346 |
|
| 245 | 1 | 0 |
_aRepertorio alfabético de la toponimia de la región de Murcia / _cAntonino González Blanco, Inmaculada García García ; con la colaboración de Antonio Guerrero Fuster ... [et al.] ; tratamiento informático, Isidro Verdú Conesa. |
| 260 |
_aMurcia : _bKR, _c1998. |
||
| 300 |
_a658 p. ; _c24 cm. |
||
| 336 |
_2rdacontent _atext |
||
| 337 |
_2rdamedia _aunmediated |
||
| 338 |
_2rdacarrier _avolume |
||
| 500 | _aIncluye índice. | ||
| 500 | _aEn la port.: Proyecto financiado por la CICYT Ref. PR83-2768. | ||
| 650 | 4 |
_aNombres geográficos _zEspaña _zMurcia _913347 |
|
| 651 | 4 |
_aMurcia (España : Comunidad Autónoma) _vRepertorios geográficos _913348 |
|
| 700 | 1 |
_aGarcía García, Inmaculada _913349 |
|
| 700 | 1 |
_aGuerrero Fuster, Antonio _913350 |
|
| 942 | _cMTS | ||
| 999 |
_c6174 _d6174 |
||